| 000 | 01044nam a22003017a 4500 | ||
|---|---|---|---|
| 001 | 5113 | ||
| 003 | FISKH | ||
| 005 | 20241106150749.0 | ||
| 008 | 241106b cb ||||| |||| 00| 0 eng d | ||
| 020 | _a9780439213585 | ||
| 040 |
_aFISKH _beng _cFISKH _dFISKH |
||
| 050 | _aPZ7.P1415 | ||
| 082 | _a457 | ||
| 100 |
_aPage, Josephine _d(1905-) |
||
| 245 |
_aClifford the big red dog tummy trouble / _cAdapted by Josephine Page Illustrated by Ken Edwards Based on the Scholastic book series " Clifford The Big Red Dog" by Norman Bridwell |
||
| 250 | _aFirst printing in 2000 | ||
| 260 |
_aNew York : _bScholastic, _c2000. |
||
| 300 |
_a31 pages : _bColor illustrations ; _c23 cm |
||
| 505 | _aG | ||
| 520 | _aWhen Clifford, T-Bone and Cleo reward each other for doing tricks, they find out that too many treats are bad for the tummy. | ||
| 521 | 8 |
_a380L
_bLexile |
|
| 521 | 8 |
_aG
_bRaz-Plus |
|
| 650 |
_2Dogs _aPets |
||
| 650 |
_2Fiction _aCliffordv |
||
| 700 |
_aEdwards, Ken _dIllustrator |
||
| 942 |
_2ddc _cBK _n0 |
||
| 999 |
_c5113 _d5113 |
||